| 000 | 00497 a2200193 4500 | ||
|---|---|---|---|
| 999 |
_c32014 _d32014 |
||
| 003 | OSt | ||
| 005 | 20260211143433.0 | ||
| 008 | 260210b ||||| |||| 00| 0 eng d | ||
| 020 | _a978-81-318-0804-7 | ||
| 040 | _c. | ||
| 082 |
_a621.4 _bR1619 |
||
| 100 |
_92063 _aRajput, R.K. |
||
| 245 |
_aThermal Engineering / _cR.K. Rajput |
||
| 250 | _a11th ed. | ||
| 260 |
_bLaxmi Publications p ltd, _aDelhi : _c2020. |
||
| 300 | _a994+xix p. | ||
| 650 | 0 |
_96583 _aThermal Engineering |
|
| 942 |
_2ddc _cBK |
||